| 000 | 00778nam a2200205 i 4500 | ||
|---|---|---|---|
| 001 | 97390 | ||
| 003 | ES-MaACL | ||
| 005 | 20251011063118.0 | ||
| 007 | t| | ||
| 008 | 050712s1948 sp ||||1| spa d | ||
| 100 | 1 |
_aMaravall, José Antonio, _d1911-1986 _976329 |
|
| 245 | 1 | 3 |
_aEl humanismo en las armas de Don Quijote / _cJosé Antonio Maravall ; prólogo de Ramón Menéndez Pidal. |
| 260 |
_aMadrid : _bInstituto de Estudios Políticos, _c1948. |
||
| 300 |
_aXV, 309 p. ; _c21 cm. |
||
| 600 | 1 | 4 |
_aCervantes Saavedra, Miguel de, _d1547-1616. _tDon Quijote de la Mancha _937612 |
| 700 | 1 |
_aMenéndez Pidal, Ramón, _d1869-1968 _980315 |
|
| 710 | 2 |
_aInstituto de Estudios Políticos (Madrid) _94924 |
|
| 852 |
_aES-MaACL _jD-5375 _bR.30735 |
||
| 999 |
_c97390 _d97390 |
||